Just, by Radiohead Lyrics - Statistics

General Stats
  • This quiz has been taken 45 times
  • The average score is 187 of 203
Answer Stats
Answer % Correct
a
100%
and
100%
And
100%
do
100%
it
100%
really
100%
that
100%
that's
100%
to
100%
you
100%
You
100%
your
100%
yourself
100%
the
97%
be
93%
been
93%
Can't
93%
cow
93%
day
93%
get
93%
He
93%
holy
93%
how
93%
else
90%
for
90%
hanging
90%
Hanging
90%
hurts
90%
just
90%
like
90%
no
90%
One
90%
one
90%
stink
90%
come
87%
days
87%
friends
87%
off
87%
comet
83%
I'll
83%
'round
83%
teach
83%
Comes
80%
floor
80%
but
77%
door
77%
he'll
77%
hell
77%
not
77%
out
73%
what
73%
through
70%
Don't
67%
purest
67%
sympathy
67%
He's
63%
Is
63%
why
63%
Suckered
60%
Changed
57%
my
57%
reeling
53%
still
53%
three
53%
times
53%
15th
47%
locks
43%
Self
40%
aw
17%
No matching quizzes found
Score Distribution
Percent of People with Each Score
Percentile by Number Answered
Your Score History
You have not taken this quiz